000 00736nam a22002177a 4500
005 2011062908118.0
008 110629t xxu||||| |||| 00| 0 eng d
010 _aENG-102811
020 _a978071072786
_c150.00
035 _aEN-86344
037 _bDBAD/PUB
040 _adpl
_bEnglish
100 _aRaman Sivakumar
_928967
245 _aEnergy,environement, ecolgy and society /
_cby Raman Sivakumar
260 _aNew Delhi
_bTata McGraw Hill
_c2010
270 _a7,West Patel Nagar,
_bNew Delhi
_e110008
300 _axi,218p. :
_bill.
_c24cm (pbk)
500 _aIncludes index
942 _2ddc
_cEN
_hRAM
999 _c53357
_d53357